| 000 | 02107cas a2200493 i 4500 | ||
|---|---|---|---|
| 999 |
_c67171 _d67171 |
||
| 001 | 67171 | ||
| 003 | Mx-PuUPA | ||
| 005 | 20200217135351.0 | ||
| 008 | 170418c19979999mx mr pdd 0 0spa d | ||
| 022 | _a1665-7764 | ||
| 040 |
_aMx-PuUPA _bspa _cMx-PuUPA _dMx-PuUPA _erda |
||
| 041 | 0 | _aspa | |
| 082 | 0 | _a910 | |
| 210 | 1 |
_aNat. geo. esp. _b(México, D.F.) |
|
| 222 | 0 |
_aNational geographic _b(México, D.F.) |
|
| 245 | 1 | 0 | _aNational geographic en español |
| 246 | 1 | 3 | _aNational Geographic Latinoamérica |
| 246 | 1 | 3 | _aNATGEO en español |
| 246 | 1 | 3 | _aRevista NatGeo |
| 264 | 1 |
_aMéxico, D.F. : _bEditorial Televisa, _c1997- |
|
| 264 | 2 |
_aMéxico, D.F. : _bUnión de Expendedores y Voceadores de los Periódicos de México, _c1997- |
|
| 310 | _aMensual | ||
| 336 |
_atexto _2rdacontent _btxt |
||
| 337 |
_asin medio _2rdamedia |
||
| 338 |
_avolumen _2rdacarrier _bnc |
||
| 362 | 1 | _aEmpezó en noviembre de 1997- | |
| 510 | 0 | _aDialnet Plus | |
| 510 | 0 | _aScielo | |
| 510 | 0 | _aRedalyc | |
| 530 | _aPublicada en formato electrónico | ||
| 546 | _aTambién disponible en inglés, árabe, alemán, búlgaro, chino tradicional y simplificado, croata, checo, danés, esloveno, estonio, finés, francés, griego, hebreo y hebreo ortodoxo, húngaro, indonesio, italiano, japonés, coreano, noruego, polaco, portugués en dos ediciones, rumano, ruso, serbio, sueco, tailandés y turco. | ||
| 550 | _aDesarrollado por: National Geographic Society, 1997- | ||
| 550 | _aPublicada en cooperación con: National Geographic Society, Washington | ||
| 588 | 1 | _aDescripción basada en: vol. 3, no. 1 (julio, 1998)- ; título de la cubierta | |
| 610 | 2 | 4 | _aNational Geographic |
| 650 | 4 |
_aGeografía _vPublicación periódica |
|
| 650 | 4 |
_aZoología _vPublicación periódica |
|
| 650 | 4 |
_aBotánica _vPublicación periódica |
|
| 710 | 2 | _aNational Geographic Society | |
| 710 | 2 | _aNational Geographic Society, Washington | |
| 775 | 1 |
_iTambién disponible en inglés _tNational Geographic _x0027-9358 _w(Mx-PuUPA) 68748 |
|
| 942 |
_2ddc _cISSUE _h910 _s1 |
||
| 998 | _cbalv | ||